Oportunidades y amenazas para el proyecto de conservación y uso sostenible de la biodiversidad en los Andes colombianos presentes en la ley del plan nacional de desarrollo (Registro nro. 8839)

Detalles MARC
000 -CABECERA
Campo de control 00948 a2200193 4500
005 - FECHA Y HORA DE LA ULTIMA TRANSACCION
Campo de control 20141127103809.0
008 - ELEMENTOS DE LONGITUD FIJA—INFORMACION GENERAL
Campo de control 141127b xxu||||| |||| 00| 0 spa d
040 ## - FUENTE DE CATALOGACIÓN
Agencia transcriptora C0-BoIH
041 ## - IDIOMA
Código de idioma para texto/pista de sonido o título separado Español
044 ## - PAÍS DE PUBLICACIÓN
País de publicación Colombia
090 ## - CLASIFICACIÓN LOCAL
Colección IAVH
Consecutivo 00214
100 ## - ASIENTO PRINCIPAL--NOMBRE PERSONAL
Nombre personal Gaviria, Diana
110 ## - ASIENTO PRINCIPAL--NOMBRE CORPORATIVO
Nombre corporativo o de jurisdicción como elemento de entrada nstituto de Investigación de Recursos Biológicos Alexander von Humboldt. Proyecto Andes
245 ## - MENCION DE TITULO
Título Oportunidades y amenazas para el proyecto de conservación y uso sostenible de la biodiversidad en los Andes colombianos presentes en la ley del plan nacional de desarrollo
Parte restante del título Manual Financiero
260 ## - PUBLICACION, DISTRIBUCION, ETC. (PIE DE IMPRENTA)
Lugar de publicación, distribución, etc. Bogotá
Nombre del editor, distribuidor, etc. Instituto Alexander Von Humboldt
Fecha de publicación, distribución, etc. 1998
300 ## - DESCRIPCION FISICA
Extensión 97 p.
773 0# - Item fuente:
Asiento principal Gaviria, Diana
Lugar, editorial y fecha de publicación Bogot Ìnstituto Alexander von Humboldt 1998
Título Oportunidades y amenazas para el proyecto de conservacin̤ y uso sostenible de la biodiversidad en los Andes colombianos presentes en la ley del plan nacional de desarrollo
942 ## - ELEMENTOS ADICIONALES (KOHA)
Sistema de clasificación Local
Tipo de ítem Informe Técnico
Existencias
Withdrawn status Lost status Sistema de Clasificación Damaged status No para préstamo Colección Inventariado Ubicación Permanente Ubicación actual Fecha de adquisición Total Checkouts Número topográfico Inventario / Código de Barras Date last seen Ejemplar Price effective from Forma de adquisición Tipo de material Public note
    Local     Humboldt Inventariado 2017 Bogotá Bogotá 27/11/2014   IAVH-00214 003883 09/08/2024 Ej. 1 27/11/2014 Institucional Informe Técnico Anexo 2